<?xml version="1.0" encoding="UTF-8"?>
<record
    xmlns:xsi="http://www.w3.org/2001/XMLSchema-instance"
    xsi:schemaLocation="http://www.loc.gov/MARC21/slim http://www.loc.gov/standards/marcxml/schema/MARC21slim.xsd"
    xmlns="http://www.loc.gov/MARC21/slim">

  <leader>05341nab a2200301 a 4500</leader>
  <controlfield tag="005">20250207095110.0</controlfield>
  <controlfield tag="007">ta</controlfield>
  <controlfield tag="008">250207e2018    DR mr|p|r||||||0| z spa d</controlfield>
  <datafield tag="022" ind1=" " ind2=" ">
    <subfield code="a">2078-4929</subfield>
  </datafield>
  <datafield tag="040" ind1=" " ind2=" ">
    <subfield code="a">DO-SdBNP</subfield>
    <subfield code="c">DO-SdBNP</subfield>
    <subfield code="e">rda</subfield>
  </datafield>
  <datafield tag="041" ind1=" " ind2=" ">
    <subfield code="h">spa</subfield>
  </datafield>
  <datafield tag="100" ind1=" " ind2=" ">
    <subfield code="a">Ortega Gonz&#xE1;lez, Carmen</subfield>
    <subfield code="9">34366</subfield>
    <subfield code="e">texto</subfield>
  </datafield>
  <datafield tag="245" ind1=" " ind2=" ">
    <subfield code="a">Telef&#xE9;rico de Santo Domingo /</subfield>
    <subfield code="c">Carmen Ortega Gonz&#xE1;lez, texto ; dise&#xF1;o: Jos&#xE9; Alejandro Yepes ; fotos: Fernando Calzada.</subfield>
  </datafield>
  <datafield tag="264" ind1=" " ind2=" ">
    <subfield code="a">Santo Domingo, Rep&#xFA;blica Dominicana : </subfield>
    <subfield code="b">Arquitexto, </subfield>
    <subfield code="c">2018.</subfield>
  </datafield>
  <datafield tag="300" ind1=" " ind2=" ">
    <subfield code="a">p&#xE1;ginas, 86-107 : </subfield>
    <subfield code="b">ilustraciones, fotograf&#xED;as, planos ; </subfield>
    <subfield code="c">27 cm.</subfield>
  </datafield>
  <datafield tag="310" ind1=" " ind2=" ">
    <subfield code="a">A&#xF1;o 32, No. 103 (octubre-diciembre 2018).</subfield>
  </datafield>
  <datafield tag="336" ind1=" " ind2=" ">
    <subfield code="a">texto</subfield>
    <subfield code="b">txt</subfield>
    <subfield code="2">rdacontent</subfield>
  </datafield>
  <datafield tag="337" ind1=" " ind2=" ">
    <subfield code="a">sin mediaci&#xF3;n </subfield>
    <subfield code="b">n</subfield>
    <subfield code="2">rdamedia</subfield>
  </datafield>
  <datafield tag="338" ind1=" " ind2=" ">
    <subfield code="a">volumen </subfield>
    <subfield code="b">nc</subfield>
    <subfield code="2">rdacarrier</subfield>
  </datafield>
  <datafield tag="362" ind1=" " ind2=" ">
    <subfield code="a">A&#xF1;o 30, N&#xFA;mero 92, (enero-marzo 2018).</subfield>
  </datafield>
  <datafield tag="521" ind1=" " ind2=" ">
    <subfield code="a">Con la puesta en funcionamiento del telef&#xE9;rico de Santo Domingo, la capital dominicana se ha unido a las ciudades latinoamericanas que han optado por el sistema de cable a&#xE9;reo para el transporte masivo, garantizando el acceso a sectores marginados y favoreciendo la integraci&#xF3;n social en el Gran Santo Domingo. Adem&#xE1;s de alojar la plataforma electromec&#xE1;nica y resolver las funciones propias de una infraestructura de transporte, tambi&#xE9;n cumplen una funci&#xF3;n est&#xE9;tica, ya que el dise&#xF1;o de las cuatro estaciones: Gualey, Los Tres Brazos, Sabana Perdida y Charles de Gaulle se destaca por su est&#xE9;tica actual &#x2013;vol&#xFA;menes puros con un lenguaje formal contempor&#xE1;neo&#x2013; y emplazamientos de ordenada geometr&#xED;a que contrastan con el paisaje urbano circundante caracterizado por la informalidad de sus construcciones y la contaminaci&#xF3;n visual. La obra del telef&#xE9;rico incluy&#xF3; la construcci&#xF3;n de cuatro estaciones (con intervenci&#xF3;n en sus entornos), el montaje del sistema electromec&#xE1;nico con cinco plataformas, 36 torres de apoyo o pilonas y el montaje del cable portante tractor. La justificaci&#xF3;n del proyecto estuvo determinada por la necesidad de una soluci&#xF3;n de movilidad integral segura y digna para m&#xE1;s de 287,000 ciudadanos del Distrito Nacional y de los municipios de Santo Domingo Este y Santo Domingo Norte. El sistema de cable a&#xE9;reo brinda una soluci&#xF3;n factible para la interconexi&#xF3;n de las comunidades marginadas del Gran Santo Domingo &#x2013;especialmente los barrios que atraviesa, que son Gualey, Los Tres Brazos y Sabana Perdida&#x2013;, favorece la transformaci&#xF3;n urbana de los sectores de las m&#xE1;rgenes de la cuenca del r&#xED;o Ozama y genera cohesi&#xF3;n social a escala metropolitana. Por otro lado, la integraci&#xF3;n f&#xED;sica y tarifaria con el metro de Santo Domingo y sus rutas alimentadoras representa un modelo de gesti&#xF3;n sostenible desde un punto de vista social, econ&#xF3;mico y ambiental, con el que se estima un ahorro de tiempo y dinero para los usuarios de aproximadamente un 30%.</subfield>
    <subfield code="b">Las estaciones est&#xE1;n integradas con el metro de Santo Domingo a trav&#xE9;s de un t&#xFA;nel de interconexi&#xF3;n entre la estaci&#xF3;n Eduardo Brito del metro y la estaci&#xF3;n Gualey del telef&#xE9;rico. Cada una de las estaciones se integra a la din&#xE1;mica urbana del lugar, articul&#xE1;ndose a trav&#xE9;s del tratamiento de los espacios p&#xFA;blicos que la rodean, plazoletas de acceso, &#xE1;reas verdes y circulaciones peatonales y vehiculares bien definidas y de acceso universal. El dise&#xF1;o arquitect&#xF3;nico de las estaciones estuvo a cargo del estudio colombiano Elipse Arquitectura y Dise&#xF1;o, liderado por el arquitecto Jos&#xE9; Alejandro Yepes y reconocido como uno de los estudios de mayor experiencia en soluciones arquitect&#xF3;nicas de estaciones de telef&#xE9;ricos en Latinoam&#xE9;rica.
Todas las estaciones se desarrollan en edificios de dos niveles, el primer nivel o de taquilla, de doble altura, es donde se desarrollan las &#xE1;reas de llegada, boleter&#xED;a, circulaci&#xF3;n &#x2013;con una l&#xED;nea de torniquetes de acceso&#x2013;, servicios t&#xE9;cnicos y &#xE1;reas de apoyo para seguridad y mantenimiento; y el segundo nivel, donde se encuentran las plataformas de embarque y desembarque de pasajeros y donde generalmente se ubica la oficina del jefe de estaci&#xF3;n. Entre el segundo nivel y el techo se inserta la plataforma electromec&#xE1;nica del sistema de cable. La arquitectura de estilo contempor&#xE1;neo de las estaciones se concibi&#xF3; como una serie de vol&#xFA;menes permeables, de geometr&#xED;a pura y limpia, con el fin de destacar su presencia en entornos muy contaminados visualmente. Los revestimientos de las fachadas combinan los paneles de aluminio compuesto y los de aluminio microperforado, estos &#xFA;ltimos ofrecen la ventaja de que tamizan adecuadamente la luz solar y permiten una correcta ventilaci&#xF3;n creando confortables ambientes interiores. Por la noche, la transparencia de las fachadas y el dise&#xF1;o de iluminaci&#xF3;n contribuyen a destacar la presencia de las edificaciones que tienen la apariencia de cajas iluminadas. Toda la iluminaci&#xF3;n utilizada es de tipo led con bajo consumo para el ahorro de energ&#xED;a.</subfield>
  </datafield>
  <datafield tag="650" ind1=" " ind2="0">
    <subfield code="a">Transporte a&#xE9;reo (Telef&#xE9;rico)</subfield>
    <subfield code="9">86948</subfield>
    <subfield code="v">Publicaciones peri&#xF3;dicas</subfield>
    <subfield code="z">Rep&#xFA;blica Dominicana</subfield>
  </datafield>
  <datafield tag="700" ind1=" " ind2=" ">
    <subfield code="a">Yepes, Jos&#xE9; Alejandro </subfield>
    <subfield code="9">86949</subfield>
    <subfield code="e">dise&#xF1;o</subfield>
  </datafield>
  <datafield tag="700" ind1=" " ind2=" ">
    <subfield code="a">Calzada, Fernando</subfield>
    <subfield code="9">69597</subfield>
    <subfield code="e">fotos</subfield>
  </datafield>
  <datafield tag="773" ind1="0" ind2=" ">
    <subfield code="0">36884</subfield>
    <subfield code="9">320392</subfield>
    <subfield code="a">Arquitexto</subfield>
    <subfield code="o">2025-0728</subfield>
    <subfield code="t">Arquitexto. :</subfield>
    <subfield code="w">(DO-SdBNP)000037394</subfield>
    <subfield code="x">2078-4929</subfield>
  </datafield>
  <datafield tag="856" ind1=" " ind2=" ">
    <subfield code="u">https://arquitexto.com/2018/10/teleferico-santo-domingo/</subfield>
  </datafield>
  <datafield tag="942" ind1=" " ind2=" ">
    <subfield code="2">ddc</subfield>
    <subfield code="c">ISSUE</subfield>
  </datafield>
  <datafield tag="999" ind1=" " ind2=" ">
    <subfield code="c">58104</subfield>
    <subfield code="d">58104</subfield>
  </datafield>
</record>
